[Event "ch-FRA NatB"]
[Site "Belfort FRA"]
[Date "2010.08.16"]
[Round "7"]
[White "Apicella,M"]
[Black "Lagarde,Max"]
[Result "1-0"]
[WhiteElo "2529"]
[BlackElo "2414"]
[EventDate "2010.08.09"]

1. d4 Nf6 2. Nf3 g6 3. Bf4 Bg7 4. e3 O-O 5. Be2 c5 6. c3 b6 7. O-O Bb7 8.
Nbd2 d6 9. h3 Nc6 10. Bh2 Qd7 11. a4 Rac8 12. Nc4 Rfd8 13. Qb3 cxd4 14.
exd4 Na5 15. Nxa5 bxa5 16. Nd2 Bd5 17. c4 Ba8 18. Qe3 Rb8 19. b3 Rb4 20.
Rad1 Qb7 21. Bf3 Qd7 22. d5 Re8 23. Rfe1 Qc7 24. Bf4 Qb6 25. Qxb6 axb6 26.
g3 Kf8 27. Re3 Nd7 28. Rde1 Ne5 29. Bd1 f6 30. Bc2 e6 31. dxe6 Rxe6 32. Be4
Bxe4 33. Nxe4 h6 34. Rd1 f5 35. Nxd6 g5 36. Bxe5 Rxe5 37. Rde1 Rxe3 38.
Rxe3 Bf6 39. Nxf5 h5 40. Nd6 g4 41. hxg4 hxg4 42. Nb5 1-0

[Event "ch-FRA NatB"]
[Site "Belfort FRA"]
[Date "2010.08.17"]
[Round "8"]
[White "Terrieux,K"]
[Black "Bailet,P"]
[Result "1/2-1/2"]
[WhiteElo "2437"]
[BlackElo "2425"]
[EventDate "2010.08.09"]

1. d4 Nf6 2. c4 g6 3. Nc3 Bg7 4. e4 d6 5. f3 e5 6. Nge2 O-O 7. Bg5 c6 8. d5
cxd5 9. cxd5 Nbd7 10. g4 a5 11. Ng3 Nc5 12. Qd2 Bd7 13. h4 a4 14. h5 Qa5
15. Nf5 Bxf5 16. gxf5 a3 17. b3 Rfc8 18. Nb5 Qxd2+ 19. Bxd2 Nxh5 20. Nxd6
Rd8 21. Nb5 Nf4 22. fxg6 hxg6 23. Bc4 Bf6 24. Rd1 Ncd3+ 25. Bxd3 Nxd3+ 26.
Ke2 Nf4+ 27. Bxf4 exf4 28. Rc1 Be5 29. Kd3 Kg7 30. Nd4 Rh8 31. b4 Rac8 32.
Rb1 g5 33. Rxh8 Rxh8 34. Rb3 Rh3 35. Rxa3 g4 36. Nf5+ Kf6 37. Ke2 g3 38.
Kf1 Rh1+ 39. Kg2 Rh2+ 40. Kg1 Rh4 41. Kg2 Rh3 42. d6 Bxd6 43. Nxd6 Rh1
1/2-1/2

[Event "ch-FRA NatB"]
[Site "Belfort FRA"]
[Date "2010.08.17"]
[Round "8"]
[White "Jolly,J"]
[Black "Vaisser,A"]
[Result "0-1"]
[WhiteElo "2411"]
[BlackElo "2515"]
[EventDate "2010.08.09"]

1. e4 e6 2. d4 d5 3. Nc3 Nf6 4. Bg5 dxe4 5. Nxe4 Be7 6. Bxf6 gxf6 7. Nf3 b6
8. Bc4 Bb7 9. Qe2 c6 10. O-O Nd7 11. a4 O-O 12. Ng3 Kh8 13. Rfe1 Rg8 14.
Nh4 Bd6 15. Rad1 Qf8 16. Ba6 Bxa6 17. Qxa6 f5 18. Nf1 Nf6 19. Nf3 f4 20.
Ne5 Qg7 21. g3 Bxe5 22. dxe5 Ng4 23. Qe2 Qg5 24. Rd4 fxg3 25. hxg3 Rg6 26.
Nh2 Nxh2 27. Kxh2 Rag8 28. Rh4 Rd8 29. Qf3 Kg7 30. Ree4 Rd7 31. Rh5 Qd2 32.
Re2 Qd1 33. Kg2 c5 34. Rh1 Qd5 35. Qxd5 Rxd5 36. b3 h6 37. f4 c4 38. Rf1 h5
39. b4 h4 40. Rf3 Rd1 41. Ree3 hxg3 42. Re2 Rb1 43. c3 Ra1 44. f5 exf5 45.
Rxf5 Rxa4 46. Rf4 b5 47. Rd2 a5 48. Rd7 axb4 49. Rdxf7+ Kh6 50. Kh3 Re6 51.
Kg4 g2 52. Kf5 Rxe5+ 53. Kxe5 g1=Q 54. R4f6+ Qg6 55. cxb4 Rxb4 56. Rxg6+
Kxg6 57. Rf6+ Kg7 58. Rc6 Rb3 59. Kf5 c3 60. Rc7+ Kh6 61. Rc6+ Kh5 62. Rc8
Kh4 63. Kf4 Kh3 64. Kf3 Kh2 65. Kf2 Rb2+ 66. Ke3 b4 67. Kd3 Kg3 68. Rc7 Kf2
69. Rc8 Ke1 70. Rc7 Rd2+ 71. Kc4 c2 72. Kb3 Kd1 73. Rh7 Rd3+ 0-1

[Event "ch-FRA NatB"]
[Site "Belfort FRA"]
[Date "2010.08.17"]
[Round "8"]
[White "Shchekachev,A"]
[Black "Gozzoli,Y"]
[Result "1/2-1/2"]
[WhiteElo "2546"]
[BlackElo "2520"]
[EventDate "2010.08.09"]

1. d4 Nf6 2. c4 e6 3. Nc3 Bb4 4. Qc2 O-O 5. Nf3 d5 6. cxd5 exd5 7. Bg5 Nbd7
8. a3 Bxc3+ 9. Qxc3 c6 10. e3 Ne4 11. Bxd8 Nxc3 12. Bh4 Ne4 13. Nd2 Re8 14.
Nxe4 dxe4 15. Be2 Nb6 16. Kd2 Be6 17. Rhc1 f6 18. Bg3 a6 19. b3 Kf7 20. Ke1
g6 21. Rab1 Rac8 22. a4 Nd5 23. Ra1 1/2-1/2

[Event "ch-FRA NatB"]
[Site "Belfort FRA"]
[Date "2010.08.17"]
[Round "8"]
[White "Le Roux,JP"]
[Black "Apicella,M"]
[Result "1-0"]
[WhiteElo "2495"]
[BlackElo "2529"]
[EventDate "2010.08.09"]

1. e4 e6 2. d4 d5 3. Nd2 Nf6 4. e5 Nfd7 5. f4 c5 6. Ngf3 Nc6 7. Nb3 Qb6 8.
c3 a5 9. a4 cxd4 10. Nbxd4 Nc5 11. Be3 Ne4 12. Qb3 Bc5 13. Qxb6 Bxb6 14.
Bd3 O-O 15. Ke2 Bxd4 16. Nxd4 Nxd4+ 17. Bxd4 Bd7 18. c4 f5 19. cxd5 exd5
20. Rhc1 Bc6 21. Rc2 Rfe8 22. b3 Re6 23. Rac1 Rh6 24. Bg1 Re8 25. Bb5 Ree6
26. Kd3 Kf7 27. Bxc6 bxc6 28. g3 Ke8 29. Bb6 Kd7 30. Bxa5 c5 31. Rxc5 Nxc5+
32. Rxc5 Rc6 33. Rxc6 Rxc6 34. Bc3 Rh6 35. h4 Rg6 36. Be1 Rc6 37. Bc3 Rg6
38. Be1 Rc6 39. a5 Rc1 40. Bc3 Rd1+ 41. Kc2 Rg1 42. b4 Rxg3 43. b5 Kc7 44.
a6 Rg6 45. Bd4 Re6 46. Kb3 h6 47. b6+ Kc8 48. Bc5 1-0

[Event "ch-FRA NatB"]
[Site "Belfort FRA"]
[Date "2010.08.17"]
[Round "8"]
[White "Lagarde,Max"]
[Black "Housieaux,D"]
[Result "0-1"]
[WhiteElo "2414"]
[BlackElo "2423"]
[EventDate "2010.08.09"]

1. Nf3 Nf6 2. c4 d6 3. d4 g6 4. g3 Bf5 5. Nc3 Bg7 6. Bg2 Qc8 7. Qb3 Nc6 8.
d5 Nb8 9. Nd4 Bd7 10. O-O O-O 11. Re1 Na6 12. e4 Nc5 13. Qd1 e5 14. dxe6
Nxe6 15. Nc2 Re8 16. Be3 h5 17. f3 h4 18. Qd2 Qd8 19. Rad1 Bc6 20. g4 Nh7
21. h3 g5 22. b4 b6 23. Ne2 Ba4 24. Nc3 Bxc3 25. Qxc3 Qf6 26. Qd2 Nhf8 27.
Rc1 Bxc2 28. Rxc2 Rad8 29. Qc3 Qxc3 30. Rxc3 c5 31. b5 Ng6 32. Rd1 Kf8 33.
Kf2 f6 34. Bf1 Ke7 35. Rb1 Ra8 36. Rcb3 Reb8 37. a4 a6 38. a5 bxa5 39. b6
Ne5 40. Be2 Rb7 41. Ra3 Rab8 42. Rxa5 Rxb6 43. Rba1 Ra8 44. Bd2 Nc6 45.
R5a2 Nb4 46. Ra5 Nc2 47. R1a2 Ncd4 48. Bd1 Rb1 49. Be2 Nf4 50. Bf1 Rb3 51.
Be3 Nfe6 52. Be2 Rb6 53. Bd1 Kd7 54. Ba4+ Kc7 55. Bb5 Kd8 56. Bxa6 Rb3 57.
R5a4 Nf4 58. Bxd4 cxd4 59. Bb5 Rxa4 60. Rxa4 Nxh3+ 61. Ke1 Rxf3 62. Ra6 Ke7
63. Ra7+ Ke6 64. e5 fxe5 65. Bd7+ Kf6 66. Bc6 Re3+ 67. Kd2 Nf4 68. Rd7 e4
69. Rxd6+ Ke5 70. Rd8 Re2+ 71. Kd1 d3 0-1

[Event "ch-FRA NatB"]
[Site "Belfort FRA"]
[Date "2010.08.18"]
[Round "9"]
[White "Benitah,Y"]
[Black "Shchekachev,A"]
[Result "1/2-1/2"]
[WhiteElo "2382"]
[BlackElo "2546"]
[EventDate "2010.08.09"]

1. d4 d6 2. c4 g6 3. e4 Bg7 4. Nf3 Bg4 5. Be2 Nc6 6. Be3 e5 7. d5 Bxf3 8.
Bxf3 Nd4 9. Bxd4 exd4 10. Qa4+ Kf8 11. O-O Nf6 12. Nd2 Nd7 13. Qa3 h5 14.
Be2 g5 15. Rad1 Qf6 16. b4 Qg6 17. Rfe1 g4 18. c5 Ne5 19. b5 b6 20. cxb6
cxb6 21. Kh1 Kg8 22. f4 gxf3 23. gxf3 Qf6 24. Rg1 Rh6 25. Rdf1 Qf4 26. Nb3
d3 27. Bd1 Nc4 28. Qb4 Ne3 29. Qd2 Rg6 30. Rxg6 fxg6 31. Re1 Nxd5 32. exd5
1/2-1/2

[Event "ch-FRA NatB"]
[Site "Belfort FRA"]
[Date "2010.08.18"]
[Round "9"]
[White "Apicella,M"]
[Black "Terrieux,K"]
[Result "1-0"]
[WhiteElo "2529"]
[BlackElo "2437"]
[EventDate "2010.08.09"]

1. e4 c5 2. Nf3 d6 3. d4 cxd4 4. Nxd4 Nf6 5. Nc3 a6 6. Be3 e6 7. f4 Qc7 8.
a4 b6 9. Bd3 Bb7 10. O-O Nc6 11. Kh1 h5 12. Nf3 Ng4 13. Bg1 Nb4 14. Qd2 d5
15. exd5 Nxd5 16. Nxd5 Bxd5 17. f5 Bc5 18. fxe6 Bxe6 19. Bxc5 bxc5 20. Rae1
c4 21. Bg6 O-O 22. Bxh5 Rad8 23. Qe2 c3 24. Bxg4 Bxg4 25. b3 Rd2 26. Qe4
Bxf3 27. Rxf3 Rfd8 28. Rh3 1-0

[Event "ch-FRA NatB"]
[Site "Belfort FRA"]
[Date "2010.08.18"]
[Round "9"]
[White "Bailet,P"]
[Black "Prie,E"]
[Result "1-0"]
[WhiteElo "2425"]
[BlackElo "2529"]
[EventDate "2010.08.09"]

1. d4 Nf6 2. c4 c5 3. d5 a6 4. Qc2 e5 5. e4 d6 6. Nc3 Be7 7. Bd3 Nh5 8. Nf3
Bg4 9. Be2 Nf4 10. Bxf4 exf4 11. e5 O-O 12. O-O-O dxe5 13. Nxe5 Bxe2 14.
Nxe2 Bd6 15. Nf3 Nd7 16. Nc3 b5 17. Ne4 Nf6 18. Nfg5 Nxe4 19. Nxe4 Be5 20.
Rhe1 Bd4 21. b4 Rc8 22. d6 bxc4 23. d7 Rc7 24. Nxc5 Bxc5 25. bxc5 Rxd7 26.
Qxc4 Rxd1+ 27. Rxd1 Qc7 28. Kb1 Qc6 29. Qd5 Rb8+ 30. Ka1 Qf6+ 31. Rd4 Rc8
32. Qd7 Qe6 33. Qd8+ Qe8 34. Qxe8+ Rxe8 35. c6 1-0

[Event "ch-FRA NatB"]
[Site "Belfort FRA"]
[Date "2010.08.19"]
[Round "10"]
[White "Lagarde,Max"]
[Black "Gozzoli,Y"]
[Result "1-0"]
[WhiteElo "2414"]
[BlackElo "2520"]
[EventDate "2010.08.09"]

1. c4 Nf6 2. Nc3 e5 3. Nf3 Nc6 4. d3 Bb4 5. Bd2 O-O 6. e3 Re8 7. Qc2 Bxc3
8. Bxc3 d5 9. cxd5 Nxd5 10. Be2 Bg4 11. O-O Qd7 12. Rfd1 a5 13. Rac1 Rad8
14. a3 f6 15. Be1 Kh8 16. Qb3 Nb6 17. Rc5 Be6 18. Qc2 a4 19. Nd2 Qe7 20.
Rc1 Rd5 21. Bf3 Rxc5 22. Qxc5 Qxc5 23. Rxc5 Bd7 24. Nc4 Nc8 25. Na5 Nxa5
26. Rxc7 1-0

[Event "ch-FRA NatB"]
[Site "Belfort FRA"]
[Date "2010.08.19"]
[Round "10"]
[White "Jolly,J"]
[Black "Benitah,Y"]
[Result "0-1"]
[WhiteElo "2411"]
[BlackElo "2382"]
[EventDate "2010.08.09"]

1. e4 c5 2. Nf3 d6 3. d4 cxd4 4. Nxd4 Nf6 5. Nc3 a6 6. Be2 e6 7. O-O Be7 8.
Be3 Qc7 9. a4 b6 10. f4 Bb7 11. f5 e5 12. Nb3 Nbd7 13. Bf3 Bc6 14. g4 Qb7
15. Qd3 Rd8 16. Nd5 Bxd5 17. exd5 e4 18. Bxe4 Nxg4 19. Bd4 Nge5 20. Qg3 Bf6
21. Kh1 Qc7 22. Rf4 h6 23. Re1 Qc4 24. Bc3 Bg5 25. Rf2 Nf6 26. Bxe5 dxe5
27. Qxe5+ Kf8 28. Bf3 Kg8 29. Rg2 Kh7 30. Qg3 Rhe8 31. Reg1 Ne4 32. Qg4
Rxd5 33. c3 Rde5 34. Nd4 Bf6 35. Bd1 R5e7 36. Bb3 Qc7 37. Ne6 Qc6 38. Qf3
fxe6 39. fxe6 Rxe6 40. Qf5+ Kh8 41. Bd5 Qd6 42. Bxe6 Rxe6 43. Qf3 Qc6 44.
Rd1 Ng5 45. Qxc6 Rxc6 46. Re2 Nf3 47. Rd5 Kh7 48. a5 bxa5 49. Rxa5 Rd6 50.
Kg2 Nd2 51. Ra4 Nb3 52. Ra3 Nc1 53. Rc2 Nd3 54. Kf1 Rb6 55. Ra2 Bg5 56. b4
Rf6+ 57. Ke2 Nc1+ 58. Rxc1 Bxc1 59. c4 Bf4 60. Kd3 Rb6 61. Ra4 Bxh2 62. c5
Rf6 63. Kc4 Bc7 64. Kd5 h5 65. c6 a5 0-1

[Event "ch-FRA NatB"]
[Site "Belfort FRA"]
[Date "2010.08.19"]
[Round "10"]
[White "Terrieux,K"]
[Black "Prie,E"]
[Result "0-1"]
[WhiteElo "2437"]
[BlackElo "2529"]
[EventDate "2010.08.09"]

1. e4 d5 2. exd5 Qxd5 3. Nc3 Qa5 4. d4 Nf6 5. Bd2 Bg4 6. Nf3 Qf5 7. Bd3 Qd7
8. h3 Bh5 9. Bf4 Nc6 10. g4 Bg6 11. Bb5 O-O-O 12. O-O e6 13. Ne5 Qxd4 14.
Nxc6 bxc6 15. Qxd4 Rxd4 16. Be3 Rd6 17. Ba6+ Kb8 18. Bf4 Rd8 19. Be5 Bd6
20. f4 Bc5+ 21. Kg2 Rd2+ 22. Kf3 h5 23. g5 Ng4 0-1

[Event "ch-FRA NatB"]
[Site "Belfort FRA"]
[Date "2010.08.20"]
[Round "11"]
[White "Gozzoli,Y"]
[Black "Le Roux,JP"]
[Result "1/2-1/2"]
[WhiteElo "2520"]
[BlackElo "2495"]
[EventDate "2010.08.09"]

1. d4 Nf6 2. c4 g6 3. Nc3 d5 4. cxd5 Nxd5 5. e4 Nxc3 6. bxc3 Bg7 7. Bc4 c5
8. Ne2 Nc6 9. Be3 O-O 10. O-O Qc7 11. Rc1 Rd8 1/2-1/2

[Event "ch-FRA NatB"]
[Site "Belfort FRA"]
[Date "2010.08.20"]
[Round "11"]
[White "Bailet,P"]
[Black "Jolly,J"]
[Result "1/2-1/2"]
[WhiteElo "2425"]
[BlackElo "2411"]
[EventDate "2010.08.09"]

1. e4 e5 2. Nf3 Nc6 3. Bc4 Nf6 4. d3 Bc5 5. O-O d6 6. c3 O-O 7. Bb3 a6 8.
Nbd2 Ba7 9. h3 Ne7 10. Re1 Ng6 11. Nf1 Re8 12. Ng3 h6 13. d4 b5 14. Bc2 Bb7
15. a4 Bb6 16. d5 c6 17. dxc6 Bxc6 18. axb5 axb5 19. Rxa8 Bxa8 20. Nh2 Nf4
21. Nf5 d5 22. Bxf4 exf4 23. exd5 Bxd5 24. Ng4 Rxe1+ 25. Qxe1 Nxg4 26. hxg4
Bc7 27. Qe2 Bc4 28. Qe4 g6 29. Nd4 Qd7 30. Bd1 b4 31. Bf3 bxc3 32. bxc3 Kg7
33. Nf5+ gxf5 34. Qxc4 fxg4 35. Bxg4 1/2-1/2

[Event "ch-FRA NatB"]
[Site "Belfort FRA"]
[Date "2010.08.20"]
[Round "11"]
[White "Housieaux,D"]
[Black "Terrieux,K"]
[Result "1/2-1/2"]
[WhiteElo "2423"]
[BlackElo "2437"]
[EventDate "2010.08.09"]

1. e4 e5 2. Nf3 Nf6 3. Nxe5 d6 4. Nf3 Nxe4 5. Qe2 Qe7 6. d3 Nf6 7. Bg5
Qxe2+ 8. Bxe2 Be7 9. Nc3 c6 10. h3 h6 11. Bf4 Bf5 12. O-O-O Nbd7 1/2-1/2

[Event "ch-FRA NatB"]
[Site "Belfort FRA"]
[Date "2010.08.20"]
[Round "11"]
[White "Vaisser,A"]
[Black "Apicella,M"]
[Result "1/2-1/2"]
[WhiteElo "2515"]
[BlackElo "2529"]
[EventDate "2010.08.09"]

1. d4 e6 2. c4 Bb4+ 3. Bd2 Qe7 4. Nf3 Nf6 5. g3 O-O 6. Bg2 Bxd2+ 7. Nbxd2
d6 8. e4 e5 9. d5 Bg4 10. h3 Bxf3 11. Qxf3 Nbd7 12. O-O a5 13. b3 c5 14. a4
g6 15. Qe3 1/2-1/2